The Standard Model of Elementary Particles - Statistics

General Stats
  • This quiz has been taken 1,597 times
  • The average score is 13 of 17
Answer Stats
Hint Answer % Correct
down down
92%
up up
92%
electron electron
91%
Higgs boson Higgs boson
88%
strange strange
85%
charm charm
82%
bottom bottom
80%
top top
80%
muon muon
78%
photon photon
73%
gluon gluon
72%
tau tau
72%
W boson W boson
70%
Z boson Z boson
67%
electron neutrino electron neutrino
62%
tau neutrino tau neutrino
61%
muon neutrino muon neutrino
60%
No matching quizzes found
Score Distribution
Percent of People with Each Score
Percentile by Number Answered
Your Score History
You have not taken this quiz